00253nam a22001097a 4500020001800000082001600018100001800034245003400052260003800086300001200124563000700136 a9781408312384 a823.92bMEA aMeadows,Daisy aFlorence the friendship fairy aAustralia:bOrchard Books,c2011. a160p. ; aPB